Short Term Memory Test - Pokémon - Statistics

General Stats
  • This quiz has been taken 61 times
  • The average score is 5 of 10
Answer Stats
Pokémon % Correct
Alakazam
100%
Altaria
100%
Amoonguss
100%
Anorith
100%
Appletun
100%
Archen
100%
Aron
100%
Avalugg
100%
Azelf
100%
Azurill
100%
Beedrill
100%
Blacephalon
100%
Blipbug
100%
Bonsly
100%
Bunnelby
100%
Carvanha
100%
Castform
100%
Celesteela
100%
Chansey
100%
Charizard
100%
Cherrim
100%
Chesnaught
100%
Cinderace
100%
Clefairy
100%
Corvisquire
100%
Cresselia
100%
Cufant
100%
Darmanitan
100%
Darumaka
100%
Decidueye
100%
Deino
100%
Dewgong
100%
Dhelmise
100%
Doduo
100%
Drapion
100%
Duraludon
100%
Eevee
100%
Eiscue
100%
Ekans
100%
Excadrill
100%
Exploud
100%
Flapple
100%
Furret
100%
Gallade
100%
Gastly
100%
Gible
100%
Gigalith
100%
Gloom
100%
Grimmsnarl
100%
Growlithe
100%
Grubbin
100%
Gumshoos
100%
Gyarados
100%
Heliolisk
100%
Helioptile
100%
Hitmontop
100%
Honchkrow
100%
Houndoom
100%
Kakuna
100%
Kartana
100%
Lairon
100%
Larvitar
100%
Latias
100%
Latios
100%
Leafeon
100%
Lickilicky
100%
Linoone
100%
Lombre
100%
Lugia
100%
Luxio
100%
Machamp
100%
Magby
100%
Malamar
100%
Mantyke
100%
Meganium
100%
Metagross
100%
Mienfoo
100%
Misdreavus
100%
Mudkip
100%
Munchlax
100%
Munna
100%
Nidoqueen
100%
Nosepass
100%
Onix
100%
Pansage
100%
Pelipper
100%
Pidgeotto
100%
Pikipek
100%
Pineco
100%
Poliwag
100%
Popplio
100%
Porygon-Z
100%
Primarina
100%
Pupitar
100%
Pyroar
100%
Quilava
100%
Ribombee
100%
Rolycoly
100%
Rookidee
100%
Roselia
100%
Sandaconda
100%
Scyther
100%
Serperior
100%
Seviper
100%
Shelgon
100%
Shelmet
100%
Shieldon
100%
Shinx
100%
Shroomish
100%
Skitty
100%
Slaking
100%
Slakoth
100%
Snivy
100%
Snorunt
100%
Solgaleo
100%
Solrock
100%
Spearow
100%
Spoink
100%
Spritzee
100%
Squirtle
100%
Staryu
100%
Stufful
100%
Suicune
100%
Swablu
100%
Swadloon
100%
Swanna
100%
Tapu Lele
100%
Tentacool
100%
Togedemaru
100%
Torterra
100%
Trevenant
100%
Turtwig
100%
Typhlosion
100%
Vanilluxe
100%
Venomoth
100%
Volbeat
100%
Wishiwashi
100%
Zapdos
100%
Zarude
100%
Zeraora
100%
Zigzagoon
100%
Zygarde
100%
Charmeleon
67%
Dewott
67%
Gothorita
67%
Grookey
67%
Kyogre
67%
Mewtwo
67%
Aromatisse
50%
Bewear
50%
Binacle
50%
Bronzong
50%
Chandelure
50%
Cursola
50%
Deerling
50%
Dottler
50%
Emolga
50%
Fletchinder
50%
Fletchling
50%
Foongus
50%
Keldeo
50%
Krookodile
50%
Magmortar
50%
Manaphy
50%
Monferno
50%
Mudbray
50%
Murkrow
50%
Oddish
50%
Pangoro
50%
Raikou
50%
Regieleki
50%
Runerigus
50%
Sirfetch'd
50%
Spinarak
50%
Stunky
50%
Swalot
50%
Sylveon
50%
Teddiursa
50%
Togetic
50%
Unfezant
50%
Victini
50%
Haunter
33%
Hoothoot
33%
Lunala
33%
Pidgey
33%
Regice
33%
Sentret
33%
Carkol
25%
Abomasnow
0%
Abra
0%
Absol
0%
Accelgor
0%
Aegislash
0%
Aerodactyl
0%
Aggron
0%
Aipom
0%
Alcremie
0%
Alomomola
0%
Amaura
0%
Ambipom
0%
Ampharos
0%
Applin
0%
Araquanid
0%
Arbok
0%
Arcanine
0%
Arceus
0%
Archeops
0%
Arctovish
0%
Arctozolt
0%
Ariados
0%
Armaldo
0%
Arrokuda
0%
Articuno
0%
Audino
0%
Aurorus
0%
Axew
0%
Azumarill
0%
Bagon
0%
Baltoy
0%
Banette
0%
Barbaracle
0%
Barboach
0%
Barraskewda
0%
Basculegion
0%
Basculin
0%
Bastiodon
0%
Bayleef
0%
Beartic
0%
Beautifly
0%
Beheeyem
0%
Beldum
0%
Bellossom
0%
Bellsprout
0%
Bergmite
0%
Bibarel
0%
Bidoof
0%
Bisharp
0%
Blastoise
0%
Blaziken
0%
Blissey
0%
Blitzle
0%
Boldore
0%
Boltund
0%
Bouffalant
0%
Bounsweet
0%
Braixen
0%
Braviary
0%
Breloom
0%
Brionne
0%
Bronzor
0%
Bruxish
0%
Budew
0%
Buizel
0%
Bulbasaur
0%
Buneary
0%
Burmy
0%
Butterfree
0%
Buzzwole
0%
Cacnea
0%
Cacturne
0%
Calyrex
0%
Camerupt
0%
Carbink
0%
Carnivine
0%
Carracosta
0%
Cascoon
0%
Caterpie
0%
Celebi
0%
Centiskorch
0%
Charjabug
0%
Charmander
0%
Chatot
0%
Cherubi
0%
Chespin
0%
Chewtle
0%
Chikorita
0%
Chimchar
0%
Chimecho
0%
Chinchou
0%
Chingling
0%
Cinccino
0%
Clamperl
0%
Clauncher
0%
Clawitzer
0%
Claydol
0%
Clefable
0%
Cleffa
0%
Clobbopus
0%
Cloyster
0%
Coalossal
0%
Cobalion
0%
Cofagrigus
0%
Combee
0%
Combusken
0%
Comfey
0%
Conkeldurr
0%
Copperajah
0%
Corphish
0%
Corsola
0%
Corviknight
0%
Cosmoem
0%
Cosmog
0%
Cottonee
0%
Crabominable
0%
Crabrawler
0%
Cradily
0%
Cramorant
0%
Cranidos
0%
Crawdaunt
0%
Croagunk
0%
Crobat
0%
Croconaw
0%
Crustle
0%
Cryogonal
0%
Cubchoo
0%
Cubone
0%
Cutiefly
0%
Cyndaquil
0%
Darkrai
0%
Dartrix
0%
Dedenne
0%
Delcatty
0%
Delibird
0%
Delphox
0%
Deoxys
0%
Dewpider
0%
Dialga
0%
Diancie
0%
Diggersby
0%
Diglett
0%
Ditto
0%
Dodrio
0%
Donphan
0%
Doublade
0%
Dracovish
0%
Dracozolt
0%
Dragalge
0%
Dragapult
0%
Dragonair
0%
Dragonite
0%
Drakloak
0%
Drampa
0%
Dratini
0%
Drednaw
0%
Dreepy
0%
Drifblim
0%
Drifloon
0%
Drilbur
0%
Drizzile
0%
Drowzee
0%
Druddigon
0%
Dubwool
0%
Ducklett
0%
Dugtrio
0%
Dunsparce
0%
Duosion
0%
Durant
0%
Dusclops
0%
Dusknoir
0%
Duskull
0%
Dustox
0%
Dwebble
0%
Eelektrik
0%
Eelektross
0%
Eldegoss
0%
Electabuzz
0%
Electivire
0%
Electrike
0%
Electrode
0%
Elekid
0%
Elgyem
0%
Emboar
0%
Empoleon
0%
Enamorus
0%
Entei
0%
Escavalier
0%
Espeon
0%
Espurr
0%
Eternatus
0%
Exeggcute
0%
Exeggutor
0%
Falinks
0%
Farfetch’d
0%
Fearow
0%
Feebas
0%
Fennekin
0%
Feraligatr
0%
Ferroseed
0%
Ferrothorn
0%
Finneon
0%
Flaaffy
0%
Flabébé
0%
Flareon
0%
Floatzel
0%
Floette
0%
Florges
0%
Flygon
0%
Fomantis
0%
Forretress
0%
Fraxure
0%
Frillish
0%
Froakie
0%
Frogadier
0%
Froslass
0%
Frosmoth
0%
Furfrou
0%
Gabite
0%
Galvantula
0%
Garbodor
0%
Garchomp
0%
Gardevoir
0%
Gastrodon
0%
Genesect
0%
Gengar
0%
Geodude
0%
Girafarig
0%
Giratina
0%
Glaceon
0%
Glalie
0%
Glameow
0%
Glastrier
0%
Gligar
0%
Gliscor
0%
Gogoat
0%
Golbat
0%
Goldeen
0%
Golduck
0%
Golem
0%
Golett
0%
Golisopod
0%
Golurk
0%
Goodra
0%
Goomy
0%
Gorebyss
0%
Gossifleur
0%
Gothita
0%
Gothitelle
0%
Gourgeist
0%
Granbull
0%
Grapploct
0%
Graveler
0%
Greedent
0%
Greninja
0%
Grimer
0%
Grotle
0%
Groudon
0%
Grovyle
0%
Grumpig
0%
Gulpin
0%
Gurdurr
0%
Guzzlord
0%
Hakamo-o
0%
Happiny
0%
Hariyama
0%
Hatenna
0%
Hatterene
0%
Hattrem
0%
Hawlucha
0%
Haxorus
0%
Heatmor
0%
Heatran
0%
Heracross
0%
Herdier
0%
Hippopotas
0%
Hippowdon
0%
Hitmonchan
0%
Hitmonlee
0%
Honedge
0%
Ho-Oh
0%
Hoopa
0%
Hoppip
0%
Horsea
0%
Houndour
0%
Huntail
0%
Hydreigon
0%
Hypno
0%
Igglybuff
0%
Illumise
0%
Impidimp
0%
Incineroar
0%
Indeedee
0%
Infernape
0%
Inkay
0%
Inteleon
0%
Ivysaur
0%
Jangmo-o
0%
Jellicent
0%
Jigglypuff
0%
Jirachi
0%
Jolteon
0%
Joltik
0%
Jumpluff
0%
Jynx
0%
Kabuto
0%
Kabutops
0%
Kadabra
0%
Kangaskhan
0%
Karrablast
0%
Kecleon
0%
Kingdra
0%
Kingler
0%
Kirlia
0%
Klang
0%
Kleavor
0%
Klefki
0%
Klink
0%
Klinklang
0%
Koffing
0%
Komala
0%
Kommo-o
0%
Krabby
0%
Kricketot
0%
Kricketune
0%
Krokorok
0%
Kubfu
0%
Kyurem
0%
Lampent
0%
Landorus
0%
Lanturn
0%
Lapras
0%
Larvesta
0%
Leavanny
0%
Ledian
0%
Ledyba
0%
Lickitung
0%
Liepard
0%
Lileep
0%
Lilligant
0%
Lillipup
0%
Litleo
0%
Litten
0%
Litwick
0%
Lopunny
0%
Lotad
0%
Loudred
0%
Lucario
0%
Ludicolo
0%
Lumineon
0%
Lunatone
0%
Lurantis
0%
Luvdisc
0%
Luxray
0%
Lycanroc
0%
Machoke
0%
Machop
0%
Magcargo
0%
Magearna
0%
Magikarp
0%
Magmar
0%
Magnemite
0%
Magneton
0%
Magnezone
0%
Makuhita
0%
Mamoswine
0%
Mandibuzz
0%
Manectric
0%
Mankey
0%
Mantine
0%
Maractus
0%
Mareanie
0%
Mareep
0%
Marill
0%
Marowak
0%
Marshadow
0%
Marshtomp
0%
Masquerain
0%
Mawile
0%
Medicham
0%
Meditite
0%
Melmetal
0%
Meloetta
0%
Meltan
0%
Meowstic
0%
Meowth
0%
Mesprit
0%
Metang
0%
Metapod
0%
Mew
0%
Mienshao
0%
Mightyena
0%
Milcery
0%
Milotic
0%
Miltank
0%
Mime Jr.
0%
Mimikyu
0%
Minccino
0%
Minior
0%
Minun
0%
Mismagius
0%
Moltres
0%
Morelull
0%
Morgrem
0%
Morpeko
0%
Mothim
0%
Mr. Mime
0%
Mr. Rime
0%
Mudsdale
0%
Muk
0%
Musharna
0%
Naganadel
0%
Natu
0%
Necrozma
0%
Nickit
0%
Nidoking
0%
Nidoran
0%
Nidoran
0%
Nidorina
0%
Nidorino
0%
Nihilego
0%
Nincada
0%
Ninetales
0%
Ninjask
0%
Noctowl
0%
Noibat
0%
Noivern
0%
Numel
0%
Nuzleaf
0%
Obstagoon
0%
Octillery
0%
Omanyte
0%
Omastar
0%
Oranguru
0%
Orbeetle
0%
Oricorio
0%
Oshawott
0%
Overqwil
0%
Pachirisu
0%
Palkia
0%
Palossand
0%
Palpitoad
0%
Pancham
0%
Panpour
0%
Pansear
0%
Paras
0%
Parasect
0%
Passimian
0%
Patrat
0%
Pawniard
0%
Perrserker
0%
Persian
0%
Petilil
0%
Phanpy
0%
Phantump
0%
Pheromosa
0%
Phione
0%
Pichu
0%
Pidgeot
0%
Pidove
0%
Pignite
0%
Pikachu
0%
Piloswine
0%
Pincurchin
0%
Pinsir
0%
Piplup
0%
Plusle
0%
Poipole
0%
Politoed
0%
Poliwhirl
0%
Poliwrath
0%
Polteageist
0%
Ponyta
0%
Poochyena
0%
Porygon
0%
Porygon2
0%
Primeape
0%
Prinplup
0%
Probopass
0%
Psyduck
0%
Pumpkaboo
0%
Purrloin
0%
Purugly
0%
Pyukumuku
0%
Quagsire
0%
Quilladin
0%
Qwilfish
0%
Raboot
0%
Raichu
0%
Ralts
0%
Rampardos
0%
Rapidash
0%
Raticate
0%
Rattata
0%
Rayquaza
0%
Regidrago
0%
Regigigas
0%
Regirock
0%
Registeel
0%
Relicanth
0%
Remoraid
0%
Reshiram
0%
Reuniclus
0%
Rhydon
0%
Rhyhorn
0%
Rhyperior
0%
Rillaboom
0%
Riolu
0%
Rockruff
0%
Roggenrola
0%
Roserade
0%
Rotom
0%
Rowlet
0%
Rufflet
0%
Sableye
0%
Salamence
0%
Salandit
0%
Salazzle
0%
Samurott
0%
Sandile
0%
Sandshrew
0%
Sandslash
0%
Sandygast
0%
Sawk
0%
Sawsbuck
0%
Scatterbug
0%
Sceptile
0%
Scizor
0%
Scolipede
0%
Scorbunny
0%
Scrafty
0%
Scraggy
0%
Seadra
0%
Seaking
0%
Sealeo
0%
Seedot
0%
Seel
0%
Seismitoad
0%
Servine
0%
Sewaddle
0%
Sharpedo
0%
Shaymin
0%
Shedinja
0%
Shellder
0%
Shellos
0%
Shiftry
0%
Shiinotic
0%
Shuckle
0%
Shuppet
0%
Sigilyph
0%
Silcoon
0%
Silicobra
0%
Silvally
0%
Simipour
0%
Simisage
0%
Simisear
0%
Sinistea
0%
Sizzlipede
0%
Skarmory
0%
Skiddo
0%
Skiploom
0%
Skorupi
0%
Skrelp
0%
Skuntank
0%
Skwovet
0%
Sliggoo
0%
Slowbro
0%
Slowking
0%
Slowpoke
0%
Slugma
0%
Slurpuff
0%
Smeargle
0%
Smoochum
0%
Sneasel
0%
Sneasler
0%
Snom
0%
Snorlax
0%
Snover
0%
Snubbull
0%
Sobble
0%
Solosis
0%
Spectrier
0%
Spewpa
0%
Spheal
0%
Spinda
0%
Spiritomb
0%
Stakataka
0%
Stantler
0%
Staraptor
0%
Staravia
0%
Starly
0%
Starmie
0%
Steelix
0%
Steenee
0%
Stonjourner
0%
Stoutland
0%
Stunfisk
0%
Sudowoodo
0%
Sunflora
0%
Sunkern
0%
Surskit
0%
Swampert
0%
Swellow
0%
Swinub
0%
Swirlix
0%
Swoobat
0%
Taillow
0%
Talonflame
0%
Tangela
0%
Tangrowth
0%
Tapu Bulu
0%
Tapu Fini
0%
Tapu Koko
0%
Tauros
0%
Tentacruel
0%
Tepig
0%
Terrakion
0%
Thievul
0%
Throh
0%
Thundurus
0%
Thwackey
0%
Timburr
0%
Tirtouga
0%
Togekiss
0%
Togepi
0%
Torchic
0%
Torkoal
0%
Tornadus
0%
Torracat
0%
Totodile
0%
Toucannon
0%
Toxapex
0%
Toxel
0%
Toxicroak
0%
Toxtricity
0%
Tranquill
0%
Trapinch
0%
Treecko
0%
Tropius
0%
Trubbish
0%
Trumbeak
0%
Tsareena
0%
Turtonator
0%
Tympole
0%
Tynamo
0%
Type: Null
0%
Tyranitar
0%
Tyrantrum
0%
Tyrogue
0%
Tyrunt
0%
Umbreon
0%
Unown
0%
Ursaluna
0%
Ursaring
0%
Urshifu
0%
Uxie
0%
Vanillish
0%
Vanillite
0%
Vaporeon
0%
Venipede
0%
Venonat
0%
Venusaur
0%
Vespiquen
0%
Vibrava
0%
Victreebel
0%
Vigoroth
0%
Vikavolt
0%
Vileplume
0%
Virizion
0%
Vivillon
0%
Volcanion
0%
Volcarona
0%
Voltorb
0%
Vullaby
0%
Vulpix
0%
Wailmer
0%
Wailord
0%
Walrein
0%
Wartortle
0%
Watchog
0%
Weavile
0%
Weedle
0%
Weepinbell
0%
Weezing
0%
Whimsicott
0%
Whirlipede
0%
Whiscash
0%
Whismur
0%
Wigglytuff
0%
Wimpod
0%
Wingull
0%
Wobbuffet
0%
Woobat
0%
Wooloo
0%
Wooper
0%
Wormadam
0%
Wurmple
0%
Wynaut
0%
Wyrdeer
0%
Xatu
0%
Xerneas
0%
Xurkitree
0%
Yamask
0%
Yamper
0%
Yanma
0%
Yanmega
0%
Yungoos
0%
Yveltal
0%
Zacian
0%
Zamazenta
0%
Zangoose
0%
Zebstrika
0%
Zekrom
0%
Zoroark
0%
Zorua
0%
Zubat
0%
Zweilous
0%
No matching quizzes found
Score Distribution
Percent of People with Each Score
Percentile by Number Answered
Your Score History
You have not taken this quiz